| 000 | 00382 a2200109 4500 | ||
|---|---|---|---|
| 001 | ART_39445 | ||
| 005 | 20260410161841.0 | ||
| 008 | 260409a | ||
| 245 | 1 | 0 | _aLa representación procesal de la Provincia de Buenos Aires y sus municipios y el nuevo Código Civil y Comercial |
| 100 | 1 | _aTulia, Mauro A. | |
| 773 | 0 |
_tRAP _g- Año 38, Nº 452 (mayo 2016) _wREV5941 |
|
| 999 |
_c24106 _d24106 |
||